US Presidents Whose Last Names Start With H - Statistics

General Stats
  • This quiz has been taken 443 times
  • The average score is 4 of 5
Answer Stats
Served President % Correct
1929 - 1933 Herbert Hoover
96%
1889 - 1893 Benjamin Harrison
90%
1841 William Henry Harrison
90%
1921 - 1923 Warren G. Harding
77%
1877 - 1881 Rutherford B. Hayes
72%
No matching quizzes found
Score Distribution
Percent of People with Each Score
Percentile by Number Answered
Your Score History
You have not taken this quiz